Statistics for Prime Numbers up to 20

Click here to take the quiz!

General Stats

  • This quiz has been taken 26 times
  • The average score is 7 of 8

Answer Stats

Number % Correct
5
100%
7
100%
11
100%
3
95%
13
95%
2
90%
17
81%
19
76%

Score Distribution

Percentile by Number Answered

Percent of People with Each Score

Your Score History

You have not taken this quiz